[Event "Petah Tikva Elitzur-B"]
[Site "Petah Tikva"]
[Date "2011.03.01"]
[Round "4"]
[White "Sheskin, Matan"]
[Black "Arlinsky, Uriel"]
[Result "1/2-1/2"]
[WhiteElo "2255"]
[BlackElo "2252"]
[PlyCount "130"]
[EventDate "2011.02.23"]
[EventType "tourn"]
[EventRounds "9"]
[EventCountry "ISR"]
[EventCategory "2"]
[SourceTitle "CBM 141 Extra"]
[Source "ChessBase"]
[SourceDate "2011.05.03"]
[SourceVersion "1"]
[SourceVersionDate "2011.05.03"]
[SourceQuality "1"]

1. e4 e5 2. Nf3 Nc6 3. Nc3 Nf6 4. Bb5 Bb4 5. 0-0 0-0 6. d3 Bxc3 7. bxc3 d6 8. Bg5 Ne7 9. Re1 Ng6 10. d4 h6 11. Bd2 Bd7 12. Bd3 Re8 13. Rb1 Qc8 14. h3 c5 15. dxc5 dxc5 16. Qe2 Nh5 17. Nh2 Nhf4 18. Bxf4 Nxf4 19. Qf3 c4 20. Bf1 b5 21. Ng4 Qc7 22. Ne3 Rad8 23. g3 Ne6 24. Nd5 Qc5 25. h4 Nc7 26. Bg2 a6 27. Qe3 Qxe3 28. Rxe3 Nxd5 29. exd5 Bf5 30. Rbe1 Bxc2 31. Rxe5 Rxe5 32. Rxe5 Kf8 33. f4 Bg6 34. Re3 Rd6 35. Kf2 f6 36. Re1 a5 37. a3 b4 38. cxb4 axb4 39. axb4 c3 40. Rc1 c2 41. g4 h5 42. f5 Bf7 43. Rxc2 hxg4 44. Rc6 Rd8 45. d6 Be8 46. Ra6 Bd7 47. Ra8 Ke8 48. Rxd8+ Kxd8 49. Be4 Ba4 50. Kg3 Kd7 51. Kxg4 Kxd6 52. Kf4 Bb5 53. Bf3 Bd3 54. Bg2 Bb5 55. Bf3 Bd3 56. Bb7 Kc7 57. Be4 Bb5 58. Ke3 Kb6 59. Kd4 Be8 60. Bd3 Bf7 61. Bc4 Be8 62. Be6 Bc6 63. Kc4 Bf3 64. Bd5 Bh5 65. Bg8 Bf3 1/2-1/2

[Event "Petah Tikva Elitzur-B"]
[Site "Petah Tikva"]
[Date "2011.02.25"]
[Round "3"]
[White "Kaganskiy, Gleb"]
[Black "Sheskin, Matan"]
[Result "1-0"]
[WhiteElo "2301"]
[BlackElo "2255"]
[PlyCount "53"]
[EventDate "2011.02.23"]
[EventType "tourn"]
[EventRounds "9"]
[EventCountry "ISR"]
[EventCategory "2"]
[SourceTitle "CBM 141 Extra"]
[Source "ChessBase"]
[SourceDate "2011.05.03"]
[SourceVersion "1"]
[SourceVersionDate "2011.05.03"]
[SourceQuality "1"]

1. d4 d5 2. c4 c6 3. Nf3 Nf6 4. Nc3 e6 5. e3 Nbd7 6. Qc2 dxc4 7. Bxc4 b5 8. Bd3 Bb7 9. e4 a6 10. Be3 Rc8 11. e5 Ng4 12. Bg5 Qa5 13. 0-0 b4 14. Ne4 c5 15. Rfc1 f5 16. exf6 gxf6 17. Bf4 cxd4 18. Qe2 Rxc1+ 19. Rxc1 Qd5 20. h3 h5 21. Ng3 Nc5 22. Bc4 Qc6 23. hxg4 hxg4 24. Ne1 Kd8 25. Qxg4 e5 26. Bd2 Bc8 27. Qg6 1-0

[Event "ISR-ch"]
[Site "Haifa"]
[Date "2010.11.17"]
[Round "8"]
[White "Sheskin, Matan"]
[Black "Porat, Maya"]
[Result "1-0"]
[WhiteElo "2252"]
[BlackElo "2257"]
[PlyCount "155"]
[EventDate "2010.11.08"]
[EventType "swiss"]
[EventRounds "9"]
[EventCountry "ISR"]
[SourceTitle "EXT 2011"]
[Source "ChessBase"]
[SourceDate "2010.11.26"]
[SourceVersion "1"]
[SourceVersionDate "2010.11.26"]
[SourceQuality "1"]

1. e4 e6 2. d4 d5 3. Nd2 Be7 4. e5 c5 5. dxc5 Nc6 6. Bb5 Bxc5 7. Nb3 Qb6 8. Nxc5 Qxb5 9. Nd3 Nge7 10. Nf3 Qa5+ 11. Bd2 Qc7 12. 0-0 Ng6 13. Qe2 0-0 14. Rac1 f6 15. Rfe1 Qb6 16. c4 fxe5 17. c5 Qb5 18. Ndxe5 Qxb2 19. Nxg6 hxg6 20. Qd3 Qf6 21. Ng5 Qf5 22. Qg3 Rd8 23. Qh4 Qf6 24. Re3 e5 25. g4 Bxg4 26. Qxg4 Nd4 27. Bc3 Nf5 28. Rxe5 d4 29. Re6 Nh6 30. Rxf6 Nxg4 31. Rf4 Ne5 32. Rxd4 Rf8 33. f4 Rf5 34. Rd5 Nf3+ 35. Nxf3 Rxd5 36. Bd4 Rf8 37. Be3 Re8 38. Rc3 Rd1+ 39. Kf2 Ra1 40. Rc2 Rd1 41. Ng5 Rd3 42. Re2 b6 43. cxb6 axb6 44. Bxb6 Rxe2+ 45. Kxe2 Ra3 46. h4 Rxa2+ 47. Kf3 Ra3+ 48. Kg4 Ra4 49. Bc5 Ra6 50. Bd4 Kf8 51. Be5 Kg8 52. Ne4 Ra2 53. Ng5 Ra6 54. Nf3 Ra2 55. Bd4 Rg2+ 56. Kh3 Ra2 57. Kg3 Kf7 58. Ng5+ Kg8 59. Ne6 Ra4 60. Be5 Ra7 61. Kg4 Re7 62. Nc5 Kh7 63. Kg5 Rf7 64. Ne6 Rf5+ 65. Kg4 Kg8 66. Nxg7 Rf7 67. Ne8 Ra7 68. Kg5 Ra8 69. Nc7 Rf8 70. Kxg6 Rf7 71. Ne8 Kf8 72. Nd6 Ra7 73. h5 Kg8 74. Nf5 Kf8 75. h6 Ra6+ 76. Bf6 Ra2 77. h7 Rg2+ 78. Bg5 1-0

[Event "ISR-ch"]
[Site "Haifa"]
[Date "2010.11.15"]
[Round "6"]
[White "Birnboim, Nathan"]
[Black "Sheskin, Matan"]
[Result "0-1"]
[WhiteElo "2387"]
[BlackElo "2252"]
[PlyCount "92"]
[EventDate "2010.11.08"]
[EventType "swiss"]
[EventRounds "9"]
[EventCountry "ISR"]
[SourceTitle "EXT 2011"]
[Source "ChessBase"]
[SourceDate "2010.11.26"]
[SourceVersion "1"]
[SourceVersionDate "2010.11.26"]
[SourceQuality "1"]

1. e4 e5 2. Nf3 Nc6 3. Bb5 a6 4. Ba4 Be7 5. d3 b5 6. Bb3 d6 7. a4 Na5 8. axb5 Nxb3 9. cxb3 Nf6 10. Nc3 0-0 11. 0-0 Bb7 12. bxa6 Bxa6 13. Bg5 c6 14. Qc2 Qb6 15. Ra4 Rab8 16. Rfa1 Bc8 17. Nd2 Re8 18. Be3 c5 19. f3 Qc6 20. Nc4 Bf8 21. Bg5 Be6 22. Ra6 Qc7 23. Bxf6 gxf6 24. Ne3 Bxb3 25. Qf2 Be6 26. Ncd5 Qd8 27. Qh4 Bg7 28. Qh5 Rxb2 29. Nc4 Rb3 30. Nxd6 Rf8 31. Nf5 Bxf5 32. Qxf5 Rxd3 33. Ra7 c4 34. Rd7 Qb8 35. h3 Qb2 36. Rf1 Rd2 37. Nxf6+ Bxf6 38. Rxd2 Qxd2 39. Qxf6 c3 40. f4 Qe3+ 41. Kh2 c2 42. Qg5+ Kh8 43. Qxe5+ f6 44. Qe7 Rg8 45. Qxf6+ Rg7 46. Qb2 Qg3+ 0-1

[Event "ISR-ch"]
[Site "Haifa"]
[Date "2010.11.14"]
[Round "5.10"]
[White "Sheskin, Matan"]
[Black "Pasman, Michael"]
[Result "0-1"]
[WhiteElo "2252"]
[BlackElo "2366"]
[PlyCount "142"]
[EventDate "2010.11.08"]
[EventType "swiss"]
[EventRounds "9"]
[EventCountry "ISR"]
[SourceTitle "EXT 2011"]
[Source "ChessBase"]
[SourceDate "2010.11.26"]
[SourceVersion "1"]
[SourceVersionDate "2010.11.26"]
[SourceQuality "1"]

1. e4 c6 2. d4 d5 3. Nc3 dxe4 4. Nxe4 Bf5 5. Ng3 Bg6 6. Nf3 Nd7 7. h4 h6 8. h5 Bh7 9. Bd3 Bxd3 10. Qxd3 e6 11. Bf4 Qa5+ 12. c3 Ngf6 13. b4 Qa3 14. 0-0 Be7 15. Qc2 0-0 16. Qb3 Qxb3 17. axb3 Rfd8 18. Ra5 a6 19. Rfa1 Nd5 20. Bd2 f5 21. Re1 Kf7 22. Ne2 Bd6 23. c4 N5f6 24. Nf4 Bxf4 25. Bxf4 Nxh5 26. Bc7 Rdc8 27. Bd6 Nhf6 28. Ne5+ Nxe5 29. dxe5 Ne8 30. Rd1 Rd8 31. f4 Rac8 32. Kf2 Rd7 33. Ra2 Nxd6 34. Rxd6 Rxd6 35. exd6 c5 36. bxc5 Rxc5 37. Rd2 Ke8 38. d7+ Kd8 39. Rd6 Rc6 40. Rd3 Rc7 41. Rd6 Rc6 42. Rd3 Rc7 43. Rd6 Rxd7 44. Rxe6 Rd2+ 45. Kg1 Rd3 46. Rb6 Kc7 47. c5 a5 48. Rb5 Kc6 49. Rb6+ Kc7 50. Rb5 Kc6 51. Rb6+ Kxc5 52. Rxb7 g6 53. Kf2 Rd6 54. Ke2 Rd4 55. g3 Rb4 56. Rc7+ Kd4 57. Rd7+ Kc3 58. Rd5 Rxb3 59. Rxa5 Kb4 60. Ra8 Rxg3 61. Rh8 h5 62. Rc8 Rc3 63. Rd8 Rc6 64. Kf3 Kc5 65. Rd7 Rd6 66. Rg7 Kd5 67. Rg8 Ra6 68. Re8 Ra3+ 69. Kf2 h4 70. Rh8 Ke4 71. Rh6 Rg3 0-1

[Event "ISR-ch"]
[Site "Haifa"]
[Date "2010.11.11"]
[Round "4.7"]
[White "Sheskin, Matan"]
[Black "Zanan, Evgeny"]
[Result "1/2-1/2"]
[WhiteElo "2252"]
[BlackElo "2207"]
[PlyCount "83"]
[EventDate "2010.11.08"]
[EventType "swiss"]
[EventRounds "9"]
[EventCountry "ISR"]
[SourceTitle "EXT 2011"]
[Source "ChessBase"]
[SourceDate "2010.11.26"]
[SourceVersion "1"]
[SourceVersionDate "2010.11.26"]
[SourceQuality "1"]

1. e4 c5 2. Nf3 d6 3. d4 cxd4 4. Nxd4 Nf6 5. Nc3 a6 6. f3 e5 7. Nb3 Be7 8. Be3 Be6 9. Qd2 0-0 10. 0-0-0 a5 11. Bb5 Nbd7 12. g4 Nb6 13. g5 Nfd7 14. Kb1 a4 15. Nc1 Qc8 16. a3 Nc4 17. Bxc4 Qxc4 18. N1a2 f5 19. Nb4 f4 20. Bf2 Rfc8 21. h4 b5 22. Ncd5 Bd8 23. Qe1 Nc5 24. h5 Na6 25. Rd3 Nxb4 26. Nxb4 Ba5 27. Rc3 Bxb4 28. Rxc4 Bxe1 29. Rxc8+ Rxc8 30. Rxe1 Bf7 31. Rh1 d5 32. Rd1 Rd8 33. g6 hxg6 34. hxg6 Be6 35. Bb6 Rd7 36. exd5 Rxd5 37. Rxd5 Bxd5 38. Bc7 e4 39. fxe4 Bxe4 40. Bxf4 Bxg6 41. Kc1 Kf8 42. b3 1/2-1/2

[Event "EU-ch 11th"]
[Site "Rijeka"]
[Date "2010.03.07"]
[Round "2"]
[White "Sheskin, Matan"]
[Black "Shytaj, Luca"]
[Result "0-1"]
[WhiteElo "2207"]
[BlackElo "2472"]
[PlyCount "80"]
[EventDate "2010.03.06"]
[EventType "swiss"]
[EventRounds "11"]
[EventCountry "CRO"]
[SourceTitle "CBM 136"]
[Source "ChessBase"]
[SourceDate "2010.05.18"]
[SourceVersion "1"]
[SourceVersionDate "2010.05.18"]
[SourceQuality "1"]

1. e4 c5 2. Nf3 d6 3. d4 cxd4 4. Nxd4 Nf6 5. Nc3 a6 6. f3 e5 7. Nb3 Be6 8. Be3 Nbd7 9. Qd2 h5 10. 0-0-0 b5 11. h3 Be7 12. Qf2 Rc8 13. Nd5 Nxd5 14. exd5 Bf5 15. Bd3 Bxd3 16. Rxd3 f5 17. f4 0-0 18. Kb1 Bf6 19. g3 a5 20. Rdd1 a4 21. Nc1 a3 22. b3 Qc7 23. Qd2 Nc5 24. Bxc5 Qxc5 25. fxe5 Bxe5 26. Nd3 Qd4 27. c3 Rxc3 28. Nxe5 Qxe5 29. Rde1 Qxg3 30. Rhg1 Qd3+ 31. Qxd3 Rxd3 32. h4 Rxd5 33. Rg5 Re5 34. Reg1 Rf7 35. Rxh5 f4 36. Rxe5 dxe5 37. Kc2 e4 38. Kd2 Rd7+ 39. Ke2 Rd3 40. Rg4 f3+ 0-1

[Event "EU-ch 11th"]
[Site "Rijeka"]
[Date "2010.03.06"]
[Round "1"]
[White "Ruck, Robert"]
[Black "Sheskin, Matan"]
[Result "1-0"]
[WhiteElo "2570"]
[BlackElo "2207"]
[PlyCount "95"]
[EventDate "2010.03.06"]
[EventType "swiss"]
[EventRounds "11"]
[EventCountry "CRO"]
[SourceTitle "CBM 136"]
[Source "ChessBase"]
[SourceDate "2010.05.18"]
[SourceVersion "1"]
[SourceVersionDate "2010.05.18"]
[SourceQuality "1"]

1. Nf3 d5 2. d4 c6 3. c4 dxc4 4. e3 Be6 5. Qc2 b5 6. Ng5 Qd7 7. Nxe6 Qxe6 8. a4 Na6 9. axb5 cxb5 10. Bxc4 bxc4 11. Qa4+ Qd7 12. Qxa6 h5 13. 0-0 Rh6 14. Qxc4 Rg6 15. Qa4 0-0-0 16. f3 Qxa4 17. Rxa4 Kb7 18. Nd2 Nh6 19. Nc4 Ra6 20. Rxa6 Kxa6 21. Bd2 Kb5 22. b3 e6 23. Ra1 Bb4 24. Na3+ Bxa3 25. Rxa3 Rc8 26. e4 Kb6 27. Kf1 a6 28. Ke2 Rc2 29. Kd1 Rc6 30. Ra4 f5 31. Rb4+ Kc7 32. Bf4+ Kd8 33. Rb8+ Ke7 34. Rb7+ Kf8 35. d5 exd5 36. exd5 Rg6 37. d6 Re6 38. Rb8+ Re8 39. Rb6 Nf7 40. Rxa6 Rd8 41. h4 Ke8 42. Kd2 Kd7 43. b4 Ke6 44. Kd3 Rd7 45. Kd4 Nh8 46. b5 Ng6 47. g3 Ne7 48. Kc5 1-0